000 00430nam a2200157 4500
001 143562
003 ES-MaACL
005 20230906200839.0
007 t|
008 070214s1921 sp r ||||1| spa d
100 1 _aSerés, Manuel (
_d1888-1928)
_9105540
245 1 0 _aNotas de cirugía renal /
_cManuel Serés.
260 _aMadrid :
_bPlus Ultra,
_c1921.
300 _a193 p., 9 lám. ;
_c20 cm.
852 _aES-MaACL
_jB-11777
999 _c143562
_d143562